[Event "34th Chess Olympiad (women)"]
[Site "Istanbul"]
[Date "2000.11.02"]
[Round "6.30.2"]
[White "Al-Rufei, Eman H"]
[Black "Sekulovska, Vesna"]
[WhiteElo "2031"]
[BlackElo "2120"]
[WhiteCountry "IRQ"]
[BlackCountry "FRM"]
[Result "1-0"]

1. e4 e5 2. Nf3 Nc6 3. Bc4 Nf6 4. Nc3 Nxe4 5. Nxe4 d5 6. Bd3 dxe4 7. Bxe4 Bd6 
8. O-O O-O 9. Bxc6 bxc6 10. d4 exd4 11. Qxd4 Bf5 12. Qc3 Re8 13. Bg5 Qd7 
14. Rad1 Be4 15. Bf4 Bd5 16. Bg3 Bxg3 17. hxg3 Qf5 18. Rfe1 h6 19. a3 Rab8 
20. b4 Re4 21. Rxe4 Bxe4 22. Nd4 Qf6 23. Qc5 Rd8 24. c3 Qg5 25. Qxa7 Bc2 
26. Re1 Qd2 27. Nf3 Qxc3 28. Qxc7 Rf8 29. b5 Qxa3 30. Qxc6 Ba4 31. Re8 Rxe8 
32. Qxe8+ Qf8 33. Qxf8+ Kxf8 34. b6 Bc6 35. Ne5 Bd5 36. Nc4 Ke7 37. Na5 Kd6 
38. f3 Kd7 39. Kf2 g5 40. g4 Be6 41. Ke3 Kc8 42. Kd4 f6 43. Kc5 Ba2 44. Kc6 
1-0

[Event "34th Chess Olympiad (women)"]
[Site "Istanbul"]
[Date "2000.11.02"]
[Round "6.30.3"]
[White "Janevska, Aleksandra"]
[Black "Jamal, Jawan"]
[WhiteElo "2020"]
[BlackElo "2000"]
[WhiteCountry "FRM"]
[BlackCountry "IRQ"]
[Result "1-0"]

1. d4 d5 2. c4 e6 3. Nc3 Nf6 4. cxd5 exd5 5. Bg5 Nbd7 6. e3 c6 7. Bd3 Be7 
8. Qc2 h6 9. Bh4 O-O 10. Nf3 Ne8 11. Bxe7 Qxe7 12. O-O Nd6 13. Nd2 Nf6 
14. b4 Be6 15. Na4 Qd7 16. Nc5 Qc8 17. Rfc1 Rb8 18. a4 a6 19. Rab1 Bf5 
20. Bxf5 Qxf5 21. Qxf5 Nxf5 22. b5 axb5 23. axb5 cxb5 24. Rxb5 Rfc8 
25. Rcb1 Nd6 26. Rb6 Rd8 27. Nxb7 Nxb7 28. Rxb7 Rxb7 29. Rxb7 Kf8 30. f3 Ke8 
31. Kf2 Rd7 32. Rxd7 Kxd7 33. e4 dxe4 34. fxe4 Ke6 35. Kf3 g6 36. h4 Nd7 
37. Kf4 f6 38. Nc4 Ke7 39. g4 Ke6 40. d5+ Ke7 41. h5 gxh5 42. gxh5 Kf7 
43. Nd6+ Kg7 44. Kf5 
1-0

[Event "34th Chess Olympiad (women)"]
[Site "Istanbul"]
[Date "2000.11.02"]
[Round "6.31.1"]
[White "Shabanaj, Eglantina"]
[Black "Monterroso Ochoa, Karla"]
[WhiteElo "2176"]
[BlackElo "2000"]
[WhiteCountry "ALB"]
[BlackCountry "GUA"]
[Result "1-0"]

1. d4 d5 2. c4 e6 3. Nf3 f5 4. cxd5 exd5 5. g3 Nf6 6. Bg5 c6 7. Bg2 Bd6 
8. O-O O-O 9. Ne5 Qe8 10. Bf4 Nbd7 11. Nxd7 Qxd7 12. Bxd6 Qxd6 13. Qb3 Kh8 
14. Nd2 Qe7 15. Rfe1 Be6 16. Nf3 Ne4 17. e3 g5 18. Ne5 Rae8 19. f3 Nf6 
20. Qd3 Qg7 21. f4 Ne4 22. a4 h5 23. Qe2 g4 24. b4 h4 25. gxh4 Rf6 
26. Bxe4 fxe4 27. Qf2 Rg8 28. Qg3 Rh6 29. Rf1 Qh7 30. f5 Bxf5 31. Rxf5 Qxf5 
32. Rf1 Qe6 33. Nf7+ Kg7 34. Nxh6 Kxh6 35. Rf4 a6 36. Qf2 Kg7 37. Rf5 Kg6 
38. h5+ Kg7 39. Qf4 Kh7 40. Rf6 
1-0

[Event "34th Chess Olympiad (women)"]
[Site "Istanbul"]
[Date "2000.11.02"]
[Round "6.31.2"]
[White "Martinez Porras, Ingrid"]
[Black "Cima, Rozana"]
[WhiteElo "2104"]
[BlackElo "2055"]
[WhiteCountry "GUA"]
[BlackCountry "ALB"]
[Result "1/2-1/2"]

1. e4 e5 2. Nf3 Nc6 3. Bc4 Bc5 4. c3 Nf6 5. d3 a6 6. Bg5 d6 7. b4 Ba7 
8. Nbd2 h6 9. Bh4 Be6 10. Qb3 Qe7 11. a4 O-O 12. O-O b5 13. Bd5 Nd8 
14. axb5 axb5 15. d4 exd4 16. Nxd4 c6 17. Bxe6 fxe6 18. Ra3 Kh8 19. Rfa1 g5 
20. Bg3 Nh5 21. Rf1 Nxg3 22. hxg3 Qf7 23. Nb1 Bxd4 24. cxd4 Rxa3 25. Qxa3 e5 
26. Qc3 exd4 27. Qxd4+ Qf6 28. Rd1 Qxd4 29. Rxd4 Nb7 30. Nc3 Kg7 31. f3 Kf6 
32. Kf2 Ke5 33. Rd1 Ra8 34. Ke3 Ra3 35. f4+ Kf6 36. Kd2 Rb3 37. Rb1 Rxb1 
38. Nxb1 d5 39. exd5 cxd5 40. Nc3 Kf5 41. Nxd5 Kg4 42. fxg5 hxg5 43. Nc3 Nd6 
44. Ne2 Ne4+ 45. Ke1 Nxg3 46. Nd4 Nf5 47. Nxb5 Kg3 48. Nc3 Kxg2 49. b5 Nd6 
50. b6 Kf3 51. Nb5 Nb7 52. Nd4+ Ke4 53. Ne2 Kd5 54. Kf2 Kc6 55. Kg3 
1/2-1/2

[Event "34th Chess Olympiad (women)"]
[Site "Istanbul"]
[Date "2000.11.02"]
[Round "6.31.3"]
[White "Shabanaj, Alda"]
[Black "Mazariegos Kummerfeld, Silvia"]
[WhiteElo "2000"]
[BlackElo "2034"]
[WhiteCountry "ALB"]
[BlackCountry "GUA"]
[Result "1-0"]

1. d4 d5 2. c4 e6 3. Nf3 f5 4. g3 Nf6 5. Bg2 c6 6. O-O dxc4 7. Ne5 Bd6 
8. Nxc4 Bc7 9. a4 O-O 10. Nc3 Nbd7 11. b3 Nd5 12. Bb2 Rb8 13. e3 N7f6 
14. Rc1 b5 15. Ne5 Bd7 16. axb5 cxb5 17. Nxd5 Nxd5 18. Bxd5 exd5 19. Qf3 Be8 
20. Rc5 Bxe5 21. dxe5 Qe7 22. b4 Bf7 23. Qxf5 Bg6 24. Qg4 Bd3 25. Rxd5 Bxf1 
26. Rd7 Be2 27. Qd4 Qe6 28. Qxa7 Qg6 29. e4 Ra8 30. Qb7 Rfc8 31. e6 Ra1+ 
32. Bxa1 Rc1+ 33. Kg2 Bf1+ 34. Kf3 Qh5+ 35. Kf4 Qh6+ 36. Ke5 Qg5+ 37. Kd6 Qd2+ 
38. Qd5 Qxb4+ 39. Ke5 
1-0

[Event "34th Chess Olympiad (women)"]
[Site "Istanbul"]
[Date "2000.11.02"]
[Round "6.32.1"]
[White "Pacheco, Hilzandryly"]
[Black "Arnetta, Marianna"]
[WhiteElo "2000"]
[BlackElo "2081"]
[WhiteCountry "PUR"]
[BlackCountry "ITA"]
[Result "0-1"]

1. d4 e6 2. Nf3 d5 3. e3 c5 4. b3 Nf6 5. Nbd2 Nc6 6. Bb2 b6 7. a3 Bb7 
8. Bd3 Rc8 9. O-O Bd6 10. Ne5 Qc7 11. f4 h6 12. Qf3 c4 13. bxc4 dxc4 
14. Nexc4 Be7 15. Qg3 b5 16. Ne5 a6 17. Qxg7 Nxe5 18. fxe5 Kd7 19. d5 Nxd5 
20. Qg4 Rhg8 21. Qd4 f5 22. Nb3 Rg4 23. Rf4 Rcg8 24. Rxg4 Rxg4 25. e4 fxe4 
26. Bxe4 Kc8 27. h3 Rg3 28. Kh2 Rg7 29. g4 h5 30. c4 bxc4 31. Rc1 hxg4 
32. Rxc4 Bc6 33. Nc5 g3+ 34. Kg1 Qa5 35. Nd3 Kb7 36. Nb4 Bxb4 37. axb4 Qb6 
38. Qxb6+ Kxb6 39. Bd4+ Kb7 40. Bxd5 Bxd5 41. Rc3 g2 42. Rc1 Rf7 43. Re1 Rf3 
44. Kh2 Rf1 45. Re2 Rh1+ 46. Kg3 g1Q+ 47. Bxg1 Rxg1+ 48. Kf4 Rb1 49. h4 Rxb4+ 
50. Kg5 Rb1 51. Rh2 Rg1+ 52. Kf6 Rf1+ 53. Kg7 Be4 54. h5 Rc1 55. h6 Rc7+ 
56. Kf6 Bf5 57. Rh5 Rh7 58. Rxf5 exf5 59. Kg6 Rh8 60. Kg7 Rc8 61. h7 Kc6 
62. e6 Kd6 
0-1

[Event "34th Chess Olympiad (women)"]
[Site "Istanbul"]
[Date "2000.11.02"]
[Round "6.32.2"]
[White "Sirletti, Sonia"]
[Black "Martinez, Natiska"]
[WhiteElo "2000"]
[BlackElo "2000"]
[WhiteCountry "ITA"]
[BlackCountry "PUR"]
[Result "1-0"]

1. d4 d5 2. c4 e6 3. Nc3 Nf6 4. Bg5 Nbd7 5. Nf3 c6 6. e3 Bb4 7. a3 Be7 
8. Rc1 b6 9. cxd5 Nxd5 10. Bxe7 Qxe7 11. Nxd5 cxd5 12. Bb5 O-O 13. O-O Nf6 
14. Qc2 Bd7 15. Ba6 Qd8 16. Ne5 Bc8 17. Bb5 a6 18. Bd3 g6 19. Qc7 Qxc7 
20. Rxc7 Ne8 21. Rc6 b5 22. Rfc1 Nf6 23. Rc7 Rb8 24. Nc6 Rb7 25. Ne7+ Kg7 
26. Nxc8 Rb8 27. Nd6 h5 28. g3 
1-0

[Event "34th Chess Olympiad (women)"]
[Site "Istanbul"]
[Date "2000.11.02"]
[Round "6.32.3"]
[White "Basem-Hassan, Mirian"]
[Black "Arnetta, Maria"]
[WhiteElo "2000"]
[BlackElo "2000"]
[WhiteCountry "PUR"]
[BlackCountry "ITA"]
[Result "0-1"]

1. e4 c5 2. Nf3 e6 3. d4 cxd4 4. Nxd4 a6 5. Bd3 Nf6 6. O-O d6 7. Kh1 Be7 
8. c4 Bd7 9. Nc3 Nc6 10. Be3 Ne5 11. f4 Nxd3 12. Qxd3 Ng4 13. Bg1 Bf6 
14. Qe2 h5 15. Rad1 Rc8 16. Rf3 Qc7 17. b3 Bc6 18. Nxc6 Qxc6 19. Bd4 Bxd4 
20. Rxd4 Qc5 21. Rdd3 b5 22. Nd1 bxc4 23. Rc3 Qb6 24. Rxc4 Rxc4 25. Qxc4 Kd7 
26. Rc3 Qb7 27. Qe2 Nf6 28. Nf2 Rc8 29. Rxc8 Qxc8 30. Qd1 Qc5 31. Nd3 Qd4 
32. e5 Ne4 33. Qf1 Qxd3 34. Qc1 Nf2+ 35. Kg1 Qd1+ 36. Qxd1 Nxd1 37. exd6 Kxd6 
38. Kf1 Nc3 39. a3 Nb1 40. Ke2 Nxa3 41. Kd3 Kc5 42. Kc3 Nb5+ 43. Kd3 Kb4 
0-1

[Event "34th Chess Olympiad (women)"]
[Site "Istanbul"]
[Date "2000.11.02"]
[Round "6.33.1"]
[White "Mahini, Mona"]
[Black "Villegas, Meylin"]
[WhiteElo "2018"]
[BlackElo "2000"]
[WhiteCountry "IRI"]
[BlackCountry "CRC"]
[Result "1-0"]

1. e4 c6 2. d4 d5 3. exd5 cxd5 4. Bd3 Nc6 5. c3 Nf6 6. Bf4 Bg4 7. Qb3 Qc8 
8. Nd2 e6 9. Ngf3 Be7 10. O-O O-O 11. Rae1 Bh5 12. Bg5 Bg6 13. Bxg6 hxg6 
14. Ne5 Nd7 15. Bxe7 Nxe7 16. f4 f6 17. Nd3 Qc6 18. Rf2 Rae8 19. Rfe2 Nc8 
20. Nb4 Qd6 21. Nxd5 Kf7 22. Nb4 Ncb6 23. g3 a5 24. Nd3 a4 25. Qb5 Rh8 
26. Ne4 Qc7 27. Nec5 Nxc5 28. Nxc5 Rh5 29. Rxe6 e5 30. Rxe5 
1-0

[Event "34th Chess Olympiad (women)"]
[Site "Istanbul"]
[Date "2000.11.02"]
[Round "6.33.2"]
[White "Murioz, Carolina"]
[Black "Pourkashiyan, Atousa"]
[WhiteElo "2000"]
[BlackElo "2000"]
[WhiteCountry "CRC"]
[BlackCountry "IRI"]
[Result "1/2-1/2"]

1. e4 e5 2. Nf3 Nf6 3. Nxe5 d6 4. Nf3 Nxe4 5. Qe2 Qe7 6. d3 Nf6 7. Bg5 Qxe2+ 
8. Bxe2 Be7 9. Nc3 c6 10. O-O-O Nbd7 11. Rhe1 O-O 12. Ne4 d5 13. Nxf6+ Bxf6 
14. Bxf6 Nxf6 15. Ne5 Be6 16. d4 Ne4 17. f3 Nd6 18. Bf1 Rfe8 19. Nd3 Re7 
20. Re2 Rae8 21. Rde1 Kf8 22. Ne5 f6 23. Nd3 Kf7 24. c3 Bf5 25. Nf2 h6 
26. Nd1 Bg6 27. Rxe7+ Rxe7 28. Rxe7+ Kxe7 29. Ne3 Nf5 30. Kd2 Nxe3 31. Kxe3 Bb1 
32. a3 f5 33. h4 Kf6 34. g4 g5 35. h5 fxg4 36. fxg4 Be4 37. Bd3 Bxd3 
38. Kxd3 Ke6 39. b4 Kd6 40. Kc2 Kc7 41. Kb3 Kd7 42. a4 Kc7 43. Ka3 Kb6 
44. Kb3 a5 45. Kc2 Ka6 46. Kb3 b6 47. Kc2 Kb7 48. bxa5 
1/2-1/2

[Event "34th Chess Olympiad (women)"]
[Site "Istanbul"]
[Date "2000.11.02"]
[Round "6.33.3"]
[White "Navabi, Shirin"]
[Black "Ramirez, Karla"]
[WhiteElo "2007"]
[BlackElo "2000"]
[WhiteCountry "IRI"]
[BlackCountry "CRC"]
[Result "1-0"]

1. c4 f5 2. g3 g6 3. Bg2 Bg7 4. Nc3 Nf6 5. e3 d6 6. Nge2 e5 7. Rb1 Nc6 8. b4 e4 
9. d4 exd3ep 10. Qxd3 O-O 11. Nd5 Ne5 12. Nxf6+ Bxf6 13. Qb3 Be6 14. Bxb7 Rb8 
15. Nf4 Bxc4 16. Bd5+ Bxd5 17. Nxd5 Kh8 18. O-O Bg7 19. Nf4 Qd7 20. Qc2 Rb7 
21. Bb2 Rb6 22. b5 Rxb5 23. Bxe5 Rxb1 24. Bxg7+ Kxg7 25. Rxb1 Re8 26. Rb7 
1-0

[Event "34th Chess Olympiad (women)"]
[Site "Istanbul"]
[Date "2000.11.02"]
[Round "6.34.1"]
[White "Sanli, Emine"]
[Black "Hamid, Rani"]
[WhiteElo "2000"]
[BlackElo "2106"]
[WhiteCountry "TURB"]
[BlackCountry "BAN"]
[Result "0-1"]

1. e4 c5 2. Nc3 Nc6 3. g3 g6 4. Bg2 Bg7 5. d3 e6 6. Be3 d6 7. f4 Nge7 
8. Nf3 Rb8 9. O-O O-O 10. Bf2 b5 11. Qd2 b4 12. Nd1 a5 13. e5 Ba6 14. Re1 Qc7 
15. exd6 Qxd6 16. a3 b3 17. Rc1 Nf5 18. Nc3 Nfd4 19. Ne4 Nxf3+ 20. Bxf3 Nd4 
21. Bg2 Qb6 22. c3 Nc2 23. Bxc5 Qd8 24. Red1 Re8 25. Bf2 Bb7 26. d4 Qc7 
27. Nc5 Bxg2 28. Kxg2 a4 29. Nd3 Red8 30. Kg1 Qd6 31. Nc5 Qc6 32. Qe2 h5 
33. Qe4 Rd5 34. c4 Rxc5 35. d5 exd5 36. cxd5 Qd6 37. Bxc5 Qxc5+ 38. Kh1 Bxb2 
39. Rb1 Bd4 40. f5 Kg7 41. fxg6 fxg6 42. g4 Re8 43. Qg2 Ne3 44. Qd2 Qxd5+ 
45. Kg1 Nc2+ 
0-1

[Event "34th Chess Olympiad (women)"]
[Site "Istanbul"]
[Date "2000.11.02"]
[Round "6.34.2"]
[White "Sultana, Zakia"]
[Black "Goler, Isil"]
[WhiteElo "2044"]
[BlackElo "2000"]
[WhiteCountry "BAN"]
[BlackCountry "TURB"]
[Result "1-0"]

1. d4 d5 2. Nf3 Nf6 3. e3 e6 4. Bd3 Bd6 5. Nbd2 O-O 6. O-O Nbd7 7. c4 c6 
8. cxd5 exd5 9. Qc2 h6 10. b3 Re8 11. Bb2 Qc7 12. Rfe1 Ng4 13. Nf1 Nf8 
14. h3 Nf6 15. Ne5 Be6 16. f4 Re7 17. a3 Rae8 18. Re2 Qc8 19. b4 a6 
20. Rf2 N8h7 21. g4 Nf8 22. Rg2 N6h7 23. Rc1 Rc7 24. Qf2 f6 25. Nf3 Rce7 
26. b5 axb5 27. Bxb5 Qa8 28. Bd3 Qa4 29. Bc2 Qa6 30. a4 Bd7 31. Ra1 Qb6 
32. a5 Qa6 33. Qd2 Qa8 34. Bd3 Ne6 35. Qc2 Nhf8 36. Nh4 Qb8 37. Nf5 Rf7 
38. Nxd6 Qxd6 39. Ba3 Qb8 40. Rb1 Qa7 41. Qc3 Nc7 42. Bc5 Qa8 43. Rgb2 Bc8 
44. Bb6 Na6 45. Qc2 Rfe7 46. Qf2 Nb8 47. Qd2 Na6 48. Ra2 Bd7 49. Rab2 Bc8 
50. Kf2 h5 51. Qe2 hxg4 52. hxg4 Ne6 53. Qf3 Nf8 54. Kg1 Bd7 55. Rh2 Qc8 
56. f5 Nc7 57. Bc5 Re4 58. Bxe4 Rxe4 59. Qh3 
1-0

[Event "34th Chess Olympiad (women)"]
[Site "Istanbul"]
[Date "2000.11.02"]
[Round "6.34.3"]
[White "Aydin, Nazli"]
[Black "Khan, Nazrana"]
[WhiteElo "2000"]
[BlackElo "2000"]
[WhiteCountry "TURB"]
[BlackCountry "BAN"]
[Result "0-1"]

1. e4 c5 2. Nf3 Nc6 3. d4 cxd4 4. Nxd4 d6 5. Nc3 Nf6 6. Bc4 a6 7. O-O e6 
8. Bg5 Be7 9. Re1 Qc7 10. Bb3 Bd7 11. Qd2 Na5 12. h3 h6 13. Be3 b5 14. a3 e5 
15. Nde2 Nxb3 16. cxb3 Be6 17. Rac1 Qb7 18. b4 Nxe4 19. Qd1 g5 20. f3 Nxc3 
21. Rxc3 O-O 22. Qc2 Rac8 23. Qd3 Rc4 24. Ng3 Rfc8 25. Rec1 Qd7 26. Rxc4 Rxc4 
27. Rxc4 bxc4 28. Qc2 d5 29. Bc5 d4 30. Bxe7 d3 31. Qd2 Qxe7 32. Ne4 Qd8 
33. Kf1 f5 34. Nc5 Bc8 35. Ke1 Qd4 36. Kf1 e4 37. fxe4 fxe4 
0-1

[Event "34th Chess Olympiad (women)"]
[Site "Istanbul"]
[Date "2000.11.02"]
[Round "6.35.1"]
[White "Hassan, Amina"]
[Black "Meyer, Marany"]
[WhiteElo "2000"]
[BlackElo "2087"]
[WhiteCountry "UAE"]
[BlackCountry "RSA"]
[Result "0-1"]

1. e4 d6 2. d4 Nf6 3. Nc3 g6 4. Nf3 Bg7 5. Be2 O-O 6. O-O Nc6 7. h3 e5 
8. d5 Ne7 9. Be3 Ne8 10. Qd2 f5 11. Bh6 f4 12. Bxg7 Kxg7 13. Rad1 h6 14. Ne1 g5 
15. Nb5 a6 16. Na3 Nf6 17. Qd3 h5 18. Kh2 Ng6 19. Nf3 g4 20. Nd2 Nh7 
21. Rh1 Ng5 22. hxg4 hxg4 23. c4 Rh8+ 24. Kg1 Rxh1+ 25. Kxh1 Bd7 26. Nf1 f3 
27. gxf3 Nf4 28. Qd2 Nxf3 29. Bxf3 Qh4+ 30. Kg1 gxf3 31. Ng3 Qh3 
0-1

[Event "34th Chess Olympiad (women)"]
[Site "Istanbul"]
[Date "2000.11.02"]
[Round "6.35.2"]
[White "Frick, Denise"]
[Black "Hussain, Noora"]
[WhiteElo "2000"]
[BlackElo "2000"]
[WhiteCountry "RSA"]
[BlackCountry "UAE"]
[Result "1/2-1/2"]

1. d4 Nf6 2. Nf3 g6 3. e3 Bg7 4. c4 d6 5. b3 O-O 6. Bb2 c5 7. Nc3 Nc6 
8. Be2 Bd7 9. O-O a6 10. a3 Qc7 11. Qc2 Rab8 12. Rfd1 Na7 13. dxc5 dxc5 
14. Nd5 Nxd5 15. Rxd5 e6 16. Rd2 Rbd8 17. Bxg7 Kxg7 18. Qc3+ f6 19. Ng5 e5 
20. Ne4 Bf5 21. Bf3 Rxd2 22. Nxd2 Rd8 23. Bd5 Qd6 24. Nf1 Nc6 25. Rd1 b6 
26. Rd2 Qc7 27. Bxc6 Rxd2 28. Qxd2 Qxc6 29. Ng3 Qd7 30. Qxd7+ Bxd7 31. Kf1 Bc6 
32. f3 Kf7 33. Ke2 Ke6 34. Kd3 f5 35. e4 fxe4+ 36. fxe4 Kf6 37. Ne2 Ke6 
38. Nc3 Kd6 39. Nd5 b5 40. Nf6 h6 41. Ng4 
1/2-1/2

[Event "34th Chess Olympiad (women)"]
[Site "Istanbul"]
[Date "2000.11.02"]
[Round "6.35.3"]
[White "Hassan, Jawaher"]
[Black "Van Der Merwe, Cecile"]
[WhiteElo "2000"]
[BlackElo "2000"]
[WhiteCountry "UAE"]
[BlackCountry "RSA"]
[Result "1-0"]

1. e4 e6 2. d4 d5 3. Nd2 c5 4. exd5 exd5 5. Ngf3 Nf6 6. Bb5+ Bd7 7. Bxd7+ Nbxd7 
8. O-O Be7 9. dxc5 Nxc5 10. Nb3 Nxb3 11. axb3 O-O 12. Be3 a6 13. Qd3 Re8 
14. Bd4 Ne4 15. Rfd1 Bf6 16. c3 Qd6 17. Bxf6 Nxf6 18. Ra4 Rad8 19. Rh4 Qe6 
20. Ng5 Qe2 21. Qb1 h6 22. Nf3 Ne4 23. Rf1 Nd2 24. Nxd2 Qxd2 25. Rd4 Qe2 
26. Rfd1 Rd6 27. R4d2 Qe5 28. g3 Red8 29. Re1 Qf6 30. Rd4 Re6 31. Kg2 Qe7 
32. Red1 Qc5 33. Qd3 Qc6 34. Rxd5 Red6 35. c4 b5 36. Qf3 bxc4 37. Rxd6 Rxd6 
38. Rxd6 Qxd6 39. bxc4 Qb6 40. b3 Qa7 41. Qd5 g6 42. c5 Kf8 43. Qd8+ Kg7 
44. c6 Qc5 45. Qd7 Qe5 46. c7 Qe4+ 47. Kh3 Qe1 48. Qd4+ Kh7 49. c8Q Qf1+ 
50. Kh4 g5+ 51. Kh5 Qe2+ 52. g4 Qxg4+ 53. Kxg4 f5+ 54. Qxf5+ Kg8 55. Qg6+ Kf8 
56. Qdf6# 
1-0

[Event "34th Chess Olympiad (women)"]
[Site "Istanbul"]
[Date "2000.11.02"]
[Round "6.36.1"]
[White "Gretarsdottir, Lilja"]
[Black "Zepeda, Sonia"]
[WhiteElo "2000"]
[BlackElo "2046"]
[WhiteCountry "ISL"]
[BlackCountry "ESA"]
[Result "1-0"]

1. e4 c5 2. Nf3 Nc6 3. Bb5 a6 4. Bxc6 dxc6 5. d3 e6 6. O-O Nf6 7. Nbd2 Be7 
8. b3 O-O 9. Bb2 b5 10. Re1 Bb7 11. e5 Nd5 12. Ne4 Qd7 13. Nfd2 Rfd8 
14. Qg4 Kh8 15. Ba3 b4 16. Bb2 Nb6 17. Re3 Qe8 18. Rg3 Qg8 19. Re1 a5 
20. Nd6 Rab8 21. N2e4 Nd7 22. h4 Ba6 23. Nf6 Bxf6 24. exf6 g6 25. Rxe6 Nf8 
26. Nxf7+ Qxf7 27. Re7 h5 28. Qf4 
1-0

[Event "34th Chess Olympiad (women)"]
[Site "Istanbul"]
[Date "2000.11.02"]
[Round "6.36.2"]
[White "Pastor, Tahnya"]
[Black "Ingolfsdottir, Harpa"]
[WhiteElo "2000"]
[BlackElo "2100"]
[WhiteCountry "ESA"]
[BlackCountry "ISL"]
[Result "1/2-1/2"]

1. e4 e6 2. d4 d5 3. Nc3 Bb4 4. exd5 exd5 5. Bd3 Nf6 6. Ne2 O-O 7. O-O Bg4 
8. a3 Be7 9. Be3 c6 10. Qd2 Bd6 11. h3 Bxe2 12. Qxe2 Nbd7 13. Rfe1 Re8 
14. Qf3 Qc7 15. Re2 Re7 16. Rae1 Rae8 17. g4 Qb6 18. b4 a5 19. Na4 Qa7 
20. Nc5 axb4 21. axb4 b6 22. Nxd7 Qxd7 23. b5 c5 24. dxc5 Bxc5 25. Bg5 Rxe2 
26. Rxe2 Ne4 27. Bf4 Qa7 28. Bxe4 Qa1+ 29. Kg2 dxe4 30. Rxe4 Qa8 31. Rxe8+ Qxe8 
32. Qd3 h6 33. Be3 Bxe3 34. fxe3 Qa8+ 35. e4 Qc8 36. Kf3 h5 37. Kg3 Qc7+ 
38. Kg2 h4 39. c4 g5 40. Kf2 Qh2+ 41. Ke1 Qg1+ 42. Kd2 Qf2+ 43. Kc3 Qe1+ 
44. Kb3 Qg3 45. Kc2 Qg2+ 46. Kc3 Qg3 47. Kd2 Qf2+ 
1/2-1/2

[Event "34th Chess Olympiad (women)"]
[Site "Istanbul"]
[Date "2000.11.02"]
[Round "6.36.3"]
[White "Larusdottir, Aldis"]
[Black "Osorio, Lorena"]
[WhiteElo "2000"]
[BlackElo "2000"]
[WhiteCountry "ISL"]
[BlackCountry "ESA"]
[Result "0-1"]

1. Nf3 d5 2. d4 c6 3. c4 e6 4. Nc3 dxc4 5. a4 Bb4 6. e3 b5 7. Bd2 Bxc3 
8. bxc3 Nd7 9. g3 Bb7 10. Bg2 Ngf6 11. Ng5 Qc7 12. Qf3 Rb8 13. e4 O-O 
14. axb5 cxb5 15. Rxa7 Qb6 16. Rxb7 Qxb7 17. h4 Ra8 18. O-O Ra2 19. Bf4 h6 
20. Nh3 Rfa8 21. e5 Qxf3 22. Bxf3 Nd5 23. Bxd5 exd5 24. Kg2 Rc2 25. Rb1 Ra5 
26. Ng1 Nb6 27. Nf3 Na4 28. Ra1 Ra7 29. Bd2 Rb7 30. Ra3 Rb2 31. Ra1 Rb3 
32. Rc1 Kf8 33. Ne1 b4 34. cxb4 c3 35. Be3 R7xb4 36. Nd3 Rc4 37. Rc2 Nb2 
38. Nc1 Rb7 39. Ne2 Na4 40. Bc1 Ke8 41. f4 Rb2 42. Bxb2 cxb2 43. Rxb2 Nxb2 
44. Kf3 Na4 45. Ke3 Nc3 46. Ng1 Ke7 47. f5 Ne4 48. Ne2 Ra4 49. g4 Ra3+ 
50. Kf4 Rh3 51. h5 Rh2 52. Ke3 Nf2 53. Kf3 Ne4 54. Nf4 Nc3 55. Ke3 Ra2 
56. Kd3 Rf2 57. g5 Rxf4 58. f6+ Kf8 59. fxg7+ Kxg7 60. gxh6+ Kxh6 61. Kxc3 Kxh5 
0-1

[Event "34th Chess Olympiad (women)"]
[Site "Istanbul"]
[Date "2000.11.02"]
[Round "6.37.1"]
[White "Smith, Vivian"]
[Black "Tan, Winnie"]
[WhiteElo "2000"]
[BlackElo "2000"]
[WhiteCountry "NZL"]
[BlackCountry "SIN"]
[Result "1-0"]

1. e4 e5 2. Nf3 Nc6 3. Bc4 Nf6 4. d3 Bc5 5. O-O h6 6. c3 O-O 7. b4 Bb6 
8. Re1 d6 9. Nbd2 Be6 10. Nf1 Bxc4 11. dxc4 Qe7 12. Be3 Nd7 13. Ng3 Bxe3 
14. Rxe3 g6 15. Rd3 Qe6 16. c5 Nf6 17. cxd6 Qc4 18. Qd2 cxd6 19. Rd1 Kg7 
20. Rxd6 Nxe4 21. Nxe4 Qxe4 22. Re1 Qf5 23. b5 e4 24. Nd4 Nxd4 25. Qxd4+ Kh7 
26. Rd5 Qf4 27. g3 Qf3 28. Re3 Qg4 29. Rxe4 Qc8 30. Re7 Kg8 31. Rdd7 b6 
32. Qf6 Qc4 33. Rc7 Qd5 34. Qxg6+ Kh8 35. Qxh6+ Kg8 36. Qg6+ Kh8 37. Rxf7 Rxf7 
38. Qxf7 Qxf7 39. Rxf7 Kg8 40. Rc7 Kf8 41. h4 a6 42. bxa6 Rxa6 43. Rb7 Rxa2 
44. Rxb6 Rc2 45. Rc6 Ke7 46. Kg2 Kd7 47. Rc4 Ke6 48. g4 Rd2 49. Kg3 Rd1 
50. Kf4 Rh1 51. h5 Rh2 52. f3 Rh3 53. Rc8 Kf7 54. c4 Rh1 55. Kg5 Ra1 56. f4 Kg7 
57. c5 Ra7 58. c6 Kh7 59. h6 Re7 60. Rd8 Rf7 61. Rd7 Rf7 62. Rd7 
1-0

[Event "34th Chess Olympiad (women)"]
[Site "Istanbul"]
[Date "2000.11.02"]
[Round "6.37.2"]
[White "Xu, Yaping"]
[Black "Mikhailik, Eleonora"]
[WhiteElo "2000"]
[BlackElo "2000"]
[WhiteCountry "SIN"]
[BlackCountry "NZL"]
[Result "1-0"]

1. f4 b6 2. Nf3 Bb7 3. g3 d5 4. Bg2 e6 5. O-O Nf6 6. d4 c5 7. e3 Nc6 8. c3 Bd6 
9. Nbd2 O-O 10. Qe2 Qc7 11. Ne5 cxd4 12. exd4 Qc8 13. Re1 h6 14. h3 Rb8 
15. Kh2 Re8 16. Ng4 Nh7 17. Nf3 Ne7 18. Bd2 Nf5 19. Nfe5 Qc7 20. Qf3 Qd8 
21. Re2 Ba6 22. Rf2 Nf8 23. Nc6 Qc7 24. Nxb8 Rxb8 25. Ne5 f6 26. Nd3 g5 
27. Bf1 Re8 28. Re1 Re7 29. Rg2 Rh7 30. Nf2 Bxf1 31. Rxf1 Qf7 32. Ng4 Ng6 
33. Ne3 Nge7 34. Nxf5 Nxf5 35. Qe2 Kf8 36. Re1 Ke7 37. Qa6 Ng7 38. Qxa7+ Ke8 
39. Qxb6 Qd7 40. a4 Kf7 41. Qb5 Qc7 42. Rf1 Rh8 43. fxg5 Nf5 44. Rxf5 exf5 
45. Qxd5+ Kg6 46. gxh6 Rd8 47. Qf3 Qd7 48. a5 Rb8 49. b4 
1-0

[Event "34th Chess Olympiad (women)"]
[Site "Istanbul"]
[Date "2000.11.02"]
[Round "6.37.3"]
[White "Courtney, Helen"]
[Black "Rolles, May"]
[WhiteElo "2000"]
[BlackElo "2000"]
[WhiteCountry "NZL"]
[BlackCountry "SIN"]
[Result "1-0"]

1. d4 d5 2. c4 e6 3. Nc3 Nf6 4. Bg5 Be7 5. Nf3 Nbd7 6. e3 Nb6 7. c5 Nbd7 
8. Bd3 O-O 9. O-O c6 10. Qc2 h6 11. Bh4 Qc7 12. b4 a6 13. a3 e5 14. Bg3 Qd8 
15. Bxe5 Nxe5 16. Nxe5 Nd7 17. Ne2 Nxe5 18. dxe5 Qc7 19. f4 f6 20. exf6 Bxf6 
21. Rab1 Re8 22. Bh7+ Kh8 23. Qd3 b6 24. Bg6 Re7 25. Rbc1 Bd7 26. Nd4 Bxd4 
27. exd4 b5 28. Qg3 Be8 29. Bb1 Bf7 30. Qd3 Re4 31. Rce1 Rae8 32. Rxe4 dxe4 
33. Qg3 Qd7 34. Qe3 Qd5 35. Re1 Bg6 36. g4 Bf7 37. Bxe4 Qe6 38. f5 Qe7 
39. Qe2 Bd5 40. Bd3 Qxe2 41. Rxe2 Rd8 42. Rd2 Bf3 43. h3 Rxd4 44. Kf2 Be4 
45. Ke3 Rxd3+ 46. Rxd3 Bxd3 47. Kxd3 Kg8 48. Ke4 Kf7 49. Ke5 Ke7 50. h4 Kd7 
51. g5 hxg5 52. hxg5 Ke7 53. g6 Ke8 54. Kd6 Kd8 55. f6 
1-0

[Event "34th Chess Olympiad (women)"]
[Site "Istanbul"]
[Date "2000.11.02"]
[Round "6.38.1"]
[White "Watai, Miyoko"]
[Black "Amina, Oubaaqua"]
[WhiteElo "2000"]
[BlackElo "2000"]
[WhiteCountry "JPN"]
[BlackCountry "MAR"]
[Result "1/2-1/2"]

1. d4 Nf6 2. e3 g6 3. Nf3 Bg7 4. Bd3 d6 5. b3 O-O 6. Bb2 d5 7. O-O Nc6 
8. c3 Re8 9. Nbd2 e5 10. dxe5 Nxe5 11. Nxe5 Rxe5 12. c4 Re8 13. Nf3 b6 
14. cxd5 Qxd5 15. Qc2 c5 16. Rad1 Qc6 17. Rfe1 Bb7 18. Bf1 Rad8 19. Qb1 Qe4 
20. Qa1 Nh5 21. Bxg7 Nxg7 22. Qc3 Qf5 23. Nd2 Ne6 24. Nc4 Rxd1 25. Rxd1 Re7 
26. Nd6 Qh5 27. Rd2 Bc6 28. Qf6 Qg5 29. Qc3 Nc7 30. Nc8 Rd7 31. Rxd7 Bxd7 
32. Nd6 
1/2-1/2

[Event "34th Chess Olympiad (women)"]
[Site "Istanbul"]
[Date "2000.11.02"]
[Round "6.38.2"]
[White "Kamal, Fatima"]
[Black "Nakagawa, Emiko"]
[WhiteElo "2000"]
[BlackElo "2000"]
[WhiteCountry "MAR"]
[BlackCountry "JPN"]
[Result "1/2-1/2"]

1. e4 c6 2. d4 d5 3. exd5 cxd5 4. Bd3 Nf6 5. c3 Nc6 6. Bf4 Bg4 7. Qc2 e6 
8. h3 Bh5 9. Nd2 Bd6 10. Bxd6 Qxd6 11. Ngf3 O-O 12. O-O-O Rfc8 13. a3 a6 
14. g4 Bg6 15. Bxg6 hxg6 16. Qd3 b5 17. b4 a5 18. Kb2 axb4 19. axb4 Ra7 
20. Qxb5 Rb8 21. Qc5 Qxc5 22. dxc5 d4 23. Nxd4 Nxd4 24. cxd4 Rxb4+ 25. Nb3 Rab7 
26. Rd3 Kf8 27. Kc2 Ne4 28. Rf1 Rxb3 29. Rxb3 Rxb3 30. Re1 Nxc5 31. dxc5 Rb5 
32. Re5 Ke7 33. Kc3 Kd7 34. Kc4 Kc6 35. f4 Rb1 36. f5 gxf5 37. gxf5 exf5 
38. Rxf5 f6 39. h4 Rg1 40. h5 Rg4+ 41. Kd3 Rh4 42. Ke3 
1/2-1/2